[Event "Lugano op"]
[Site "Lugano"]
[Date "2023.12.09"]
[Round "2"]
[White "Herrmann, Oliver"]
[Black "Trivic, Zoran"]
[Result "1-0"]
[WhiteElo "2163"]
[BlackElo "1522"]
[PlyCount "57"]
[EventDate "2023.12.09"]
[EventType "swiss"]
[EventRounds "5"]
[EventCountry "SUI"]
[SourceTitle "CB51_2023"]
[SourceDate "2023.12.20"]
[SourceVersion "1"]
[SourceVersionDate "2023.12.20"]
[SourceQuality "1"]

1. e4 d6 2. d4 Nf6 3. Nc3 e5 4. Nge2 exd4 5. Nxd4 Nc6 6. Be2 g6 7. Bg5 Bg7 8. f4 Qd7 9. Nb3 Ng4 10. Nd5 Bxb2 11. Bxg4 Qxg4 12. Qxg4 Bxg4 13. Rb1 Bg7 14. Nxc7+ Kd7 15. Nxa8 Bc3+ 16. Kf2 Rxa8 17. h3 Be6 18. Rhd1 Kc7 19. g4 f5 20. exf5 gxf5 21. Rd3 Bg7 22. Re1 Bd7 23. Be7 Bf8 24. Bxf8 Rxf8 25. g5 Nb4 26. Rd2 Rf7 27. a3 Na2 28. Re3 Ba4 29. c4 1-0

[Event "Lugano op"]
[Site "Lugano"]
[Date "2023.12.09"]
[Round "1"]
[White "Trivic, Zoran"]
[Black "Guidi, Giacomo G"]
[Result "0-1"]
[WhiteElo "1522"]
[BlackElo "1902"]
[PlyCount "60"]
[EventDate "2023.12.09"]
[EventType "swiss"]
[EventRounds "5"]
[EventCountry "SUI"]
[SourceTitle "CB51_2023"]
[SourceDate "2023.12.20"]
[SourceVersion "1"]
[SourceVersionDate "2023.12.20"]
[SourceQuality "1"]

1. d4 f5 2. g3 Nf6 3. Bg2 e6 4. Nh3 Bb4+ 5. c3 Be7 6. Nd2 0-0 7. e4 Nxe4 8. Nxe4 fxe4 9. Bxe4 d5 10. Bg2 c5 11. Be3 cxd4 12. Bxd4 Nc6 13. Be3 Bf6 14. Qc2 e5 15. 0-0 Kh8 16. Rad1 Be6 17. a3 h6 18. f4 e4 19. f5 Bg8 20. Nf4 Ne7 21. Bc5 Re8 22. Bxe7 Bxe7 23. Rxd5 Bxd5 24. Rd1 Qb6+ 25. Rd4 Bb3 26. Qxe4 Bg5 27. Ng6+ Qxg6 28. Qxb7 Qb6 29. Kf1 Qxb7 30. Bxb7 Rad8 0-1

[Event "Mendrisio op"]
[Site "Mendrisio"]
[Date "2023.09.09"]
[Round "3"]
[White "Chennaoui, Yasin"]
[Black "Trivic, Zoran"]
[Result "1-0"]
[WhiteElo "2093"]
[BlackElo "1504"]
[PlyCount "43"]
[EventDate "2023.09.08"]
[EventType "swiss"]
[EventRounds "5"]
[EventCountry "SUI"]
[SourceTitle "EXT 2024"]
[Source "ChessBase"]
[SourceDate "2023.10.10"]
[SourceVersion "1"]
[SourceVersionDate "2023.10.10"]
[SourceQuality "1"]

1. b3 Nf6 2. Bb2 d6 3. g3 e5 4. Bg2 c6 5. e3 Be6 6. Ne2 Nbd7 7. 0-0 Be7 8. Nbc3 h5 9. f4 exf4 10. gxf4 Nb6 11. f5 Bd5 12. e4 Qc7 13. d4 Ng4 14. Qd3 0-0-0 15. h3 Nf6 16. Nd1 Rdg8 17. Ne3 g5 18. fxg6 fxg6 19. e5 dxe5 20. dxe5 Nfd7 21. Nxd5 Nxd5 22. e6 1-0

[Event "Locarno op 8th"]
[Site "Locarno"]
[Date "2023.04.23"]
[Round "5"]
[White "Speerli, Maria"]
[Black "Trivic, Zoran"]
[Result "1/2-1/2"]
[WhiteElo "1236"]
[BlackElo "1517"]
[PlyCount "105"]
[EventDate "2023.04.21"]
[EventType "swiss"]
[EventRounds "5"]
[EventCountry "SUI"]
[SourceTitle "CBM 214 Extra"]
[Source "ChessBase"]
[SourceDate "2023.07.31"]
[SourceVersion "1"]
[SourceVersionDate "2023.07.31"]
[SourceQuality "1"]

1. d4 d5 2. Nc3 Nf6 3. Bg5 c6 4. e3 Nbd7 5. Bd3 h6 6. Bh4 e6 7. Nf3 Bb4 8. 0-0 g5 9. Bg3 Nh5 10. a3 Nxg3 11. fxg3 Bd6 12. e4 dxe4 13. Nxe4 Be7 14. Ne5 Nf6 15. Nxf6+ Bxf6 16. c3 Bxe5 17. dxe5 Qb6+ 18. Rf2 Bd7 19. Qe2 0-0-0 20. Kh1 Be8 21. Rff1 h5 22. a4 Qc5 23. Rac1 h4 24. b4 Qd5 25. Bc4 Qd2 26. Qxd2 Rxd2 27. g4 Kd7 28. b5 c5 29. Rcd1 Rxd1 30. Rxd1+ Kc7 31. Rb1 b6 32. Rd1 Bd7 33. Rf1 Rf8 34. Rf6 Kd8 35. Kg1 Ke7 36. Rf1 f6 37. exf6+ Rxf6 38. Rxf6 Kxf6 39. Kf2 Ke5 40. Ke3 Be8 41. h3 Bg6 42. Bb3 Kd6 43. Kd2 e5 44. Ke3 e4 45. Kd2 Ke5 46. Ke3 Be8 47. c4 Bf7 48. Ba2 Be6 49. Bb3 Bc8 50. Bc2 Bb7 51. Bb3 a6 52. Ba2 axb5 53. axb5 1/2-1/2

[Event "Locarno op 8th"]
[Site "Locarno"]
[Date "2023.04.22"]
[Round "2"]
[White "Veroner, David"]
[Black "Trivic, Zoran"]
[Result "1-0"]
[WhiteElo "1144"]
[BlackElo "1517"]
[PlyCount "72"]
[EventDate "2023.04.21"]
[EventType "swiss"]
[EventRounds "5"]
[EventCountry "SUI"]
[SourceTitle "CBM 214 Extra"]
[Source "ChessBase"]
[SourceDate "2023.07.31"]
[SourceVersion "1"]
[SourceVersionDate "2023.07.31"]
[SourceQuality "1"]

1. e4 d6 2. d4 Nf6 3. Nc3 e5 4. Nf3 exd4 5. Nxd4 c5 6. Nf3 Qa5 7. Bd3 Bg4 8. 0-0 h6 9. Re1 Nbd7 10. Bf4 Nh5 11. Bd2 Nhf6 12. Nd5 Qd8 13. Bc3 a6 14. Bc4 b5 15. Nxf6+ gxf6 16. Bd5 Rb8 17. Qd3 Be7 18. Bc6 Qc7 19. Bxd7+ Bxd7 20. Nh4 b4 21. Bd2 c4 22. Qf3 h5 23. Nf5 Bxf5 24. exf5 Kf8 25. Re4 d5 26. Rh4 d4 27. Rxh5 Rg8 28. Rh7 c3 29. Bh6+ Ke8 30. bxc3 Qxc3 31. Qxc3 bxc3 32. Re1 Rb2 33. Bg7 Kd7 34. Bxf6 Bxf6 35. Rxf7+ Kc8 36. Rxf6 Rxa2 1-0

[Event "Locarno op 8th"]
[Site "Locarno"]
[Date "2023.04.21"]
[Round "1"]
[White "Trivic, Zoran"]
[Black "Van Foreest, Jorden"]
[Result "0-1"]
[WhiteElo "1517"]
[BlackElo "2680"]
[PlyCount "64"]
[EventDate "2023.04.21"]
[EventType "swiss"]
[EventRounds "5"]
[EventCountry "SUI"]
[SourceTitle "CBM 214 Extra"]
[Source "ChessBase"]
[SourceDate "2023.07.31"]
[SourceVersion "1"]
[SourceVersionDate "2023.07.31"]
[SourceQuality "1"]

1. d4 Nf6 2. Nf3 c5 3. c3 d5 4. g3 Nc6 5. Bg2 e6 6. 0-0 h6 7. Nbd2 Be7 8. dxc5 a5 9. Nb3 a4 10. Nbd4 Bxc5 11. Nxc6 bxc6 12. Ne5 Qc7 13. Nd3 Bd6 14. Bf4 e5 15. Be3 0-0 16. Bc5 e4 17. Bxd6 Qxd6 18. Nb4 h5 19. e3 h4 20. Re1 Rb8 21. Qd2 c5 22. Nc2 Rxb2 23. Reb1 Rxb1+ 24. Rxb1 hxg3 25. hxg3 Ng4 26. Bxe4 Qh6 27. Bxd5 Rd8 28. c4 Rxd5 29. Qe1 Qh2+ 30. Kf1 Rf5 31. f4 Qxc2 32. Rb8 Nh2+ 0-1

[Event "Lugano op 21st"]
[Site "Lugano"]
[Date "2022.11.04"]
[Round "1"]
[White "Trivic, Zoran"]
[Black "Cocconcelli, Lorenzo"]
[Result "0-1"]
[WhiteElo "1540"]
[BlackElo "2136"]
[PlyCount "32"]
[EventDate "2022.11.04"]
[EventType "swiss"]
[EventRounds "5"]
[EventCountry "SUI"]
[SourceTitle "CBM 211 Extra"]
[Source "ChessBase"]
[SourceDate "2023.01.31"]
[SourceVersion "1"]
[SourceVersionDate "2023.01.31"]
[SourceQuality "1"]

1. d4 Nf6 2. c4 g6 3. Nc3 d5 4. cxd5 Nxd5 5. Nxd5 Qxd5 6. e3 Bg7 7. Ne2 0-0 8. Nc3 Qd6 9. Bc4 c5 10. d5 a6 11. a4 Nd7 12. 0-0 Nf6 13. e4 Ng4 14. g3 f5 15. Be2 Bd4 16. h3 Qxg3+ 0-1

[Event "Locarno op 7th"]
[Site "Locarno"]
[Date "2022.04.10"]
[Round "4"]
[White "Trivic, Zoran"]
[Black "Gobet, Xavier"]
[Result "1-0"]
[WhiteElo "1542"]
[BlackElo "1484"]
[PlyCount "83"]
[EventDate "2022.04.08"]
[EventType "swiss"]
[EventRounds "5"]
[EventCountry "SUI"]
[SourceTitle "CBM 207 Extra"]
[Source "ChessBase"]
[SourceDate "2022.05.31"]
[SourceVersion "1"]
[SourceVersionDate "2022.05.31"]
[SourceQuality "1"]

1. d4 Nf6 2. c4 e6 3. Nc3 Bb4 4. Qc2 0-0 5. Bg5 h6 6. Bh4 Be7 7. Nf3 d6 8. e3 Nbd7 9. Bd3 c5 10. h3 b6 11. d5 exd5 12. cxd5 Bb7 13. e4 Nxd5 14. Bxe7 Nxe7 15. 0-0 Ne5 16. Nxe5 dxe5 17. Bb5 Qc7 18. Rad1 Rad8 19. Qa4 Rd4 20. Qc2 Rfd8 21. Be2 Bc6 22. a4 Qb7 23. f3 a6 24. b3 Ng6 25. g3 Ne7 26. Bc4 Qd7 27. Kg2 b5 28. axb5 axb5 29. Be2 Qb7 30. Rxd4 cxd4 31. Qd2 Rc8 32. Na2 Bd7 33. Rc1 Nc6 34. Rc5 b4 35. Rb5 Qa7 36. Nxb4 Nxb4 37. Rxb4 Qa5 38. Bc4 Qa1 39. Rb7 Bxh3+ 40. Kxh3 Qh1+ 41. Qh2 Qxf3 42. Rxf7 1-0

[Event "Lugano op 10"]
[Site "Lugano"]
[Date "2021.10.31"]
[Round "4"]
[White "Paleologu, Vladimir"]
[Black "Trivic, Zoran"]
[Result "1-0"]
[WhiteElo "2040"]
[BlackElo "1535"]
[PlyCount "61"]
[EventDate "2021.10.29"]
[EventType "swiss"]
[EventRounds "5"]
[EventCountry "SUI"]
[SourceTitle "CBM 205 Extra"]
[Source "ChessBase"]
[SourceDate "2022.01.31"]
[SourceVersion "1"]
[SourceVersionDate "2022.01.31"]
[SourceQuality "1"]

1. e4 d6 2. Bc4 Nf6 3. Nc3 e5 4. d3 g6 5. h3 Bg7 6. Be3 Nc6 7. Qd2 Na5 8. Bh6 Nxc4 9. dxc4 0-0 10. Nge2 Be6 11. b3 c6 12. Rd1 Bxh6 13. Qxh6 Qc7 14. 0-0 Rad8 15. f4 exf4 16. Rxf4 Nh5 17. Rh4 f5 18. exf5 Bxf5 19. Nd4 Ng3 20. Qg5 d5 21. Rf4 Ne4 22. Nxe4 dxe4 23. g4 Qe5 24. gxf5 Rxd4 25. Rdf1 Rd6 26. Rg4 Rdf6 27. Qe3 Rxf5 28. Re1 Rf3 29. Qxe4 Qc3 30. Qe6+ R3f7 31. Re2 1-0

[Event "Lugano op 10"]
[Site "Lugano"]
[Date "2021.10.29"]
[Round "1"]
[White "Trivic, Zoran"]
[Black "Jedinger, Andreas"]
[Result "0-1"]
[WhiteElo "1535"]
[BlackElo "2139"]
[PlyCount "94"]
[EventDate "2021.10.29"]
[EventType "swiss"]
[EventRounds "5"]
[EventCountry "SUI"]
[SourceTitle "CBM 205 Extra"]
[Source "ChessBase"]
[SourceDate "2022.01.31"]
[SourceVersion "1"]
[SourceVersionDate "2022.01.31"]
[SourceQuality "1"]

1. d4 Nf6 2. c3 g6 3. Nf3 Bg7 4. h3 d6 5. Bf4 0-0 6. Nbd2 c5 7. e3 Nc6 8. dxc5 dxc5 9. Be2 Bf5 10. Nb3 Qb6 11. 0-0 Rfd8 12. Qc1 a5 13. Nbd2 a4 14. Nc4 Qa6 15. Re1 b5 16. Na3 Bd3 17. Bxd3 Rxd3 18. Rd1 Rxd1+ 19. Qxd1 b4 20. cxb4 cxb4 21. Nc2 Rd8 22. Qe1 Qc4 23. Rc1 Qxa2 24. Nxb4 Nxb4 25. Qxb4 Nd5 26. Qa5 Rf8 27. Be5 Bxe5 28. Nxe5 Qxb2 29. Nd3 Qa2 30. e4 Nf6 31. f3 Qe2 32. Qc3 Rd8 33. Nf4 Rd1+ 34. Kh2 Rxc1 35. Qxc1 Qa6 36. e5 Nd7 37. Qa3 e6 38. Nd3 Qb5 39. f4 Qb3 40. Qd6 Nf8 41. Qa6 a3 42. Nc5 Qe3 43. Nd3 a2 44. Qxa2 Qxd3 45. Qa8 h5 46. h4 Qd2 47. Qf3 Nd7 0-1

[Event "Lugano Special Edition op 19th"]
[Site "Lugano"]
[Date "2021.03.13"]
[Round "3"]
[White "Trivic, Zoran"]
[Black "Schmidig, Jean Claude"]
[Result "0-1"]
[WhiteElo "1596"]
[BlackElo "1877"]
[PlyCount "48"]
[EventDate "2021.03.12"]
[EventType "swiss"]
[EventRounds "5"]
[EventCountry "SUI"]
[SourceTitle "CBM 201 Extra"]
[Source "ChessBase"]
[SourceDate "2021.05.31"]
[SourceVersion "1"]
[SourceVersionDate "2021.05.31"]
[SourceQuality "1"]

1. d4 Nf6 2. c4 g6 3. Nc3 Bg7 4. e4 d6 5. Bd3 0-0 6. Bf4 e5 7. dxe5 Nh5 8. Bg3 dxe5 9. Nge2 Na6 10. a3 Nc5 11. Bc2 c6 12. 0-0 Qe7 13. Qd2 Ne6 14. Rad1 Rd8 15. Qe3 Nd4 16. Bd3 Be6 17. f3 Nxg3 18. Nxg3 Rd7 19. Rd2 Rad8 20. Rfd1 Qh4 21. Qf2 Nb3 22. Qf1 Nxd2 23. Rxd2 Qf4 24. Qe2 Bxc4 0-1

[Event "Ascona op 14th"]
[Site "Ascona"]
[Date "2019.04.28"]
[Round "5"]
[White "Trivic, Zoran"]
[Black "Zecirovic, Giacomo"]
[Result "0-1"]
[WhiteElo "1645"]
[BlackElo "1765"]
[PlyCount "86"]
[EventDate "2019.04.26"]
[EventType "swiss"]
[EventRounds "5"]
[EventCountry "SUI"]
[SourceTitle "CBM 190 Extra"]
[Source "ChessBase"]
[SourceDate "2019.07.15"]
[SourceVersion "1"]
[SourceVersionDate "2019.07.15"]
[SourceQuality "1"]

1. d4 Nf6 2. c4 e6 3. Nf3 d5 4. Nc3 Bb4 5. Qa4+ Nc6 6. Ne5 Bxc3+ 7. bxc3 Bd7 8. Nxd7 Qxd7 9. Ba3 Ne4 10. Qc2 Ne7 11. cxd5 exd5 12. e3 0-0 13. Bd3 Nf6 14. 0-0 Rfe8 15. c4 c6 16. Rab1 Ng6 17. cxd5 Nxd5 18. Qa4 Nc3 19. Qb3 Nxb1 20. Rxb1 b6 21. Bc4 b5 22. Bd3 Rac8 23. Bc5 a5 24. a4 Qg4 25. axb5 Nh4 26. g3 Nf3+ 27. Kg2 Nd2 28. Qc2 Nxb1 29. Bxh7+ Kh8 30. Bf5 Qg5 31. Bxc8 Rxc8 32. Qxb1 Rb8 33. b6 Qd5+ 34. e4 Qc4 35. Qd1 g6 36. Qf3 a4 37. Qf6+ Kh7 38. Qxc6 a3 39. Qf6 a2 40. Bd6 a1Q 41. Be5 Qaf1+ 42. Kf3 Qce2+ 43. Kf4 Qfxf2+ 0-1

[Event "Ascona op 14th"]
[Site "Ascona"]
[Date "2019.04.26"]
[Round "1"]
[White "Trivic, Zoran"]
[Black "Medici, Simone"]
[Result "0-1"]
[WhiteElo "1645"]
[BlackElo "2207"]
[PlyCount "136"]
[EventDate "2019.04.26"]
[EventType "swiss"]
[EventRounds "5"]
[EventCountry "SUI"]
[SourceTitle "CBM 190 Extra"]
[Source "ChessBase"]
[SourceDate "2019.07.15"]
[SourceVersion "1"]
[SourceVersionDate "2019.07.15"]
[SourceQuality "1"]

1. d4 d5 2. c4 c6 3. Nf3 Nf6 4. Nc3 g6 5. cxd5 cxd5 6. Bf4 a6 7. e3 Nc6 8. h3 Bg7 9. a3 0-0 10. Bd3 Re8 11. 0-0 Nh5 12. Bh2 b5 13. b4 Bb7 14. Rc1 e5 15. dxe5 Nxe5 16. Nxe5 Bxe5 17. Bxe5 Rxe5 18. Be2 Qe7 19. Qd4 Ng7 20. Bd3 Ne8 21. Ne2 Nd6 22. Rc5 Re8 23. Ra1 Ne4 24. Rc2 Nd6 25. Rc5 Nc4 26. Nc3 Nd2 27. Bc2 Ne4 28. Nxe4 dxe4 29. Rxe5 Qxe5 30. Qxe5 Rxe5 31. Rd1 Bd5 32. Rd4 Kf8 33. a4 Ke7 34. axb5 axb5 35. g3 f5 36. Kf1 Bc4+ 37. Ke1 Re6 38. Bd1 Ra6 39. Rd2 Ra1 40. Rb2 Ke6 41. Kd2 Kd5 42. h4 Ra3 43. Ke1 Ra1 44. Kd2 h6 45. Ke1 g5 46. hxg5 hxg5 47. Kd2 Ra3 48. Ke1 Bd3 49. Bb3+ Ke5 50. Bd1 Ra6 51. Be2 Ra1+ 52. Bd1 Kd5 53. Kd2 Kc4 54. Ke1 Kc3 55. Rb3+ Kc4 56. Rb2 Rb1 57. Rxb1 Bxb1 58. Kd2 Kxb4 59. Kc1 Ba2 60. Kb2 Bf7 61. Be2 Kc5 62. Bf1 Bc4 63. Bg2 Be2 64. Bh1 Bf3 65. Bxf3 exf3 66. Kc3 b4+ 67. Kb3 g4 68. Kc2 Kc4 0-1

[Event "Locarno op 3rd"]
[Site "Locarno"]
[Date "2018.03.17"]
[Round "3"]
[White "Coqueraut, Lodewyk"]
[Black "Trivic, Zoran"]
[Result "1-0"]
[WhiteElo "1613"]
[BlackElo "1641"]
[PlyCount "73"]
[EventDate "2018.03.16"]
[EventType "swiss"]
[EventRounds "5"]
[EventCountry "SUI"]
[SourceTitle "CBM 183 Extra"]
[Source "ChessBase"]
[SourceDate "2018.04.19"]
[SourceVersion "1"]
[SourceVersionDate "2018.04.19"]
[SourceQuality "1"]

1. e4 c6 2. d4 d5 3. Nc3 dxe4 4. Nxe4 Nd7 5. c3 Ngf6 6. Bd3 Nxe4 7. Bxe4 Nf6 8. Bc2 Bg4 9. f3 Bd7 10. Ne2 Qc7 11. Bf4 Qb6 12. 0-0 Nd5 13. Bd2 e5 14. Re1 Be7 15. Kh1 exd4 16. Nxd4 0-0 17. Bb3 Bd6 18. Qc2 g6 19. Bxd5 cxd5 20. Re2 Rfe8 21. Rae1 Rxe2 22. Rxe2 Rc8 23. Qb3 Qc7 24. Qxd5 Bxh2 25. Re7 Rf8 26. Rxd7 Qg3 27. Qe4 Qb8 28. Rxb7 Qd6 29. Bh6 Rd8 30. Qe7 Qxe7 31. Rxe7 Bd6 32. Re2 a5 33. Bg5 Rb8 34. Bf6 Kf8 35. b3 a4 36. Be5 Ke7 37. Nc6+ 1-0

[Event "Les Diablerets op"]
[Site "Les Diablerets"]
[Date "2015.07.04"]
[Round "3"]
[White "Zahner, Rolf"]
[Black "Trivic, Zoran"]
[Result "0-1"]
[WhiteElo "1589"]
[BlackElo "1534"]
[PlyCount "66"]
[EventDate "2015.07.03"]
[EventType "swiss"]
[EventRounds "5"]
[EventCountry "SUI"]
[SourceTitle "CBM 167 Extra"]
[Source "ChessBase"]
[SourceDate "2015.09.14"]
[SourceVersion "1"]
[SourceVersionDate "2015.09.14"]
[SourceQuality "1"]

1. e4 c6 2. d4 d5 3. e5 Bf5 4. Bd3 Bxd3 5. Qxd3 e6 6. c3 Qb6 7. Nf3 c5 8. a3 Nc6 9. b4 c4 10. Qc2 Nge7 11. 0-0 Nf5 12. Bg5 h6 13. Bd2 Be7 14. Qd1 a5 15. Qa4 0-0 16. bxa5 Nxa5 17. Qc2 Nb3 18. Ra2 Ra4 19. g4 Nh4 20. Nxh4 Bxh4 21. f4 Be7 22. Be3 Rfa8 23. f5 Bxa3 24. Nxa3 Rxa3 25. Rxa3 Rxa3 26. f6 g5 27. h4 Na1 28. Qd2 Qb3 29. Rc1 Ra2 30. Qe1 Nc2 31. Qg3 Nxe3 32. Qxe3 Qb2 33. Kf1 Qg2+ 0-1

[Event "Ascona op 10th"]
[Site "Ascona"]
[Date "2015.04.16"]
[Round "5"]
[White "Trivic, Zoran"]
[Black "Schneider, Antonio"]
[Result "0-1"]
[WhiteElo "1350"]
[BlackElo "1857"]
[PlyCount "92"]
[EventDate "2015.04.14"]
[EventType "swiss"]
[EventRounds "5"]
[EventCountry "SUI"]
[SourceTitle "CBM 166 Extra"]
[Source "ChessBase"]
[SourceDate "2015.06.18"]
[SourceVersion "1"]
[SourceVersionDate "2015.06.18"]
[SourceQuality "1"]

1. d4 Nf6 2. Nf3 g6 3. c4 Bg7 4. Nc3 d6 5. e4 0-0 6. Be3 Ng4 7. Qd2 Nd7 8. Bd3 c5 9. h3 Nxe3 10. fxe3 e5 11. d5 h5 12. g4 Nf6 13. gxh5 Nxh5 14. Qg2 Bh6 15. Ke2 Kh7 16. Rag1 Rg8 17. h4 f6 18. Kd2 Bd7 19. Be2 Qb6 20. Rb1 Qd8 21. Nh2 f5 22. Nf3 Qf6 23. Rbf1 f4 24. Ng5+ Kh8 25. Kd3 Raf8 26. Rf3 Ng3 27. exf4 exf4 28. Re1 Bxg5 29. hxg5 Qxg5 30. Rh1+ Kg7 31. Rhf1 Qe5 32. Re1 g5 33. Bd1 Rh8 34. Kc2 Rh4 35. Qd2 Rfh8 36. Rf2 Rh1 37. a3 Rxe1 38. Qxe1 Rh1 39. Qd2 Nf1 40. Qe2 Ne3+ 41. Kb3 Bg4 42. Rf3 Bxf3 43. Qxf3 Rh6 44. Be2 g4 45. Qf2 g3 46. Qg1 g2 0-1